|
|
|
|
| LEADER |
00000nkm a2200000 a 4500 |
| 001 |
vtls011561747 |
| 003 |
SK-MaSNL |
| 005 |
20260512123426.0 |
| 007 |
kp bo |
| 008 |
231214s1962 xo g kuslo |
| 015 |
|
|
|a SNBG1962
|
| 035 |
|
|
|a urn:nbn:sk:snk-km00bzk0
|
| 035 |
|
|
|a urn:nbn:sk:snk-km3lov7
|
| 035 |
|
|
|a DB5E2716-D42F-4BED-B0B5-F7E1A087FE70
|
| 040 |
|
|
|a SNK
|b slo
|c SNK
|e AACR2
|
| 041 |
0 |
|
|a slo
|
| 043 |
|
|
|a e-xo---
|
| 044 |
|
|
|a xo
|c SK
|
| 080 |
|
|
|a 908(437.6)
|2 2011
|
| 080 |
|
|
|a (234.374.4)
|2 2011
|
| 080 |
|
|
|a (084.121)
|2 2011
|
| 100 |
|
|
|a Sedláček, Jára
|4 pht
|9 52496
|
| 245 |
1 |
0 |
|a Tatranský Národný Park
|h grafika
|b Velická dolina : Granátové veže nad Sliezskym domom (1678 m) : v pozadí Veľká Granátová veža (2344 m) a Dvojitá veža (2313 m)
|c foto Sedláček
|
| 260 |
|
|
|a Bratislava
|b Slovenské vydavateľstvo politickej literatúry
|c 1962
|
| 300 |
|
|
|a 1 pohľadnica
|b čiernobiela
|c 15 x 11 cm
|
| 610 |
2 |
7 |
|a Sliezsky dom (Vysoké Tatry, Slovensko)
|2 SNKKA
|9 55569
|
| 651 |
|
7 |
|a Vysoké Tatry (Poľsko a Slovensko : pohorie)
|2 SNKPHgeo
|9 67729
|
| 651 |
|
7 |
|a Velická dolina (Slovensko)
|2 SNKPH
|9 17929
|
| 651 |
|
7 |
|a Granátová veža (Vysoké Tatry, Slovensko : štít)
|2 SNKPH
|9 162089
|
| 655 |
|
7 |
|a miestne pohľadnice
|2 SNKPH
|9 70510
|
| 852 |
|
|
|a Slovenská národná knižnica
|
| 958 |
|
|
|a GC
|
| 958 |
|
|
|a GBN
|
| 958 |
|
|
|a OND
|
| 999 |
|
|
|c 760409
|d 762339
|
| 952 |
|
|
|a SNK
|b SNK
|y PREZ
|7 0
|p 17A1184849
|o snkSP 14905
|0 0
|1 0
|4 0
|d 2016-06-21
|f 1
|l 0
|r 2026-02-24 00:02:32
|w 2026-02-24
|